Ako sa chrániť pred toxickými ľuďmi

Saved in:
Bibliographic Details
Main Author Arabi, Shahida
Format Electronic eBook
LanguageCzech
Published Grada SK 2022
Edition1. elektronické vydání
Subjects
Online AccessDostupné v BOOKPORT po přihlášení pomocí eduID
ISBN978-80-8090-308-4
978-80-8090-307-7
Physical Description1 online zdroj (240 stran)

Cover

LEADER 00000nam a2200000 i 4500
001 bkp100123
003 CZ-prgp
005 20230313115030.0
006 m o d
007 cr cn
008 230313s2022 xr o 000 0 cze
020 |a 978-80-8090-308-4  |c 351 Kč  |q (online ; pdf) 
020 |a 978-80-8090-307-7  |c 412 Kč  |q (print) 
040 |a Grada  |b cze  |e rda 
100 1 |a Arabi, Shahida 
245 1 0 |a Ako sa chrániť pred toxickými ľuďmi  |c Shahida Arabi 
250 |a 1. elektronické vydání 
264 1 |b Grada SK  |c 2022 
300 |a 1 online zdroj (240 stran) 
336 |a text  |b txt  |2 rdacontent 
337 |a počítač  |b c  |2 rdamedia 
338 |a online zdroj  |b cr  |2 rdacarrier 
520 3 |a Naučte sa stanoviť zdravé hranice s rôznymi typmi toxických ľudí. Ak ste empat alebo vysoko citlivý človek, je vám prirodzené pomáhať druhým, a tak sa stávate ľahkým terčom. Pomocou tejto knihy objavíte cielené tipy, ako si s toxickými ľuďmi poradiť. Ak ste pripravený postaviť sa im vo svojom živote, táto kniha vám s tým pomôže. 
650 0 4 |a Osobní rozvoj a poznání 
856 4 0 |u https://www.bookport.cz/AccountSaml/SignIn/?idp=https://shibboleth.utb.cz/idp/shibboleth&returnUrl=/kniha/ako-sa-chranit-pred-toxickymi-ludmi-11644/  |y Dostupné v BOOKPORT po přihlášení pomocí eduID